Euroopan kaupungit kirjaimittain - E - Statistics

Yleistilastot
  • Tätä visaa on pelattu 25 kertaa
  • Keskiarvotulos 6 / 18
Vastaukset kartalla
Vastauksille on annettu kartalla punavihreä väri sen mukaan, kuinka moni on saanut sen oikein.
 
Vastaustilastot
% Oikein
Suomi Enontekiö 1 767 68.384722 23.638889
100%
Suomi Espoo 320 931 60.205556 24.655556
95%
Iso-Britannia Edinburgh 505 310 55.949444 -3.160278
84%
Saksa Essen 574 682 51.45 7.016667
Edinburgh 55.949444 -3.160278 4 edinburgh
Eidsvoll 60.333333 11.25 4 eidsvoll
Eindhoven 51.433333 5.466667 4 eindhoven
Elbasan 41.1 20.066667 4 elbasan
Elbląg 54.166667 19.4 4 elblag
Elefsína 38.043889 23.541667 4 elefsina
Enköping 59.635556 17.076389 4 enkoping
Enontekiö 68.384722 23.638889 4 enontekio
Escaldes-Engordany 42.516667 1.533333 4 escaldes-engordany
Esch-sur-Alzette 49.496667 5.982222 4 esch-sur-alzette
Eskilstuna 59.370556 16.512778 4 eskilstuna
Espoo 60.205556 24.655556 4 espoo
Essen 51.45 7.016667 4 essen
68%
Ruotsi Eskilstuna 107 203 59.370556 16.512778
63%
Alankomaat Eindhoven 320 365 51.433333 5.466667
47%
Viro Elva 14 767 58.266667 26.283333
26%
Tanska Esbjerg 71 554 55.483333 8.45
26%
Saksa Erfurt 218 793 50.983333 11.033333
21%
Alankomaat Enschede 162 671 52.216667 6.9
16%
Espanja Elche 245 575 38.266667 -0.7
16%
Ruotsi Enköping 46 240 59.635556 17.076389
16%
Puola Elbląg 112 923 54.166667 19.4
11%
Albania Elbasan 66 834 41.1 20.066667
5%
Luxemburg Esch-sur-Alzette 37 922 49.496667 5.982222
5%
Norja Eidsvoll 28 352 60.333333 11.25
0%
Kreikka Elefsína 24 973 38.043889 23.541667
0%
Andorra Escaldes-Engordany 16 162 42.516667 1.533333
0%
Ehtoja vastaavia visoja ei löytynyt
Tulosjakauma
Jokaisen tuloksen saaneiden osuus
Persentiili vastausten määrän mukaan
Tuloshistoriasi
Et ole pelannut tätä visaa